Представление документа в формате MARC21

Поле Инд. ПП Название Значение
Тип записи a
Библиографический уровень m
001 Контрольный номер 99c53a38-0f25-4bc6-bd04-b9fc50ce42c5
005 Дата корректировки 20140703130837.7
008 Кодируемые данные 040628
020 c Цена, тираж б/ц
040 a Служба первич. каталог. НБ ТвГУ
041 a Код языка текста rus
080 a Индекс УДК 316.343:35-051(043.3)
084 a Индекс другой классификации/Индекс ББК С543.132.2я031
090 x Авторский знак М22
a Полочн. индекс С543.1
100 1_ a Автор Мамлина Екатерина Анатольевна
245 10 a Заглавие Процесс идентификации личности государственного служащего в условиях современной России
b Продолж. заглавия автореф. дис. ... канд. социол. наук : 22.00.04
c Ответственность Поволж. акад. гос. службы им. П. А. Столыпина
260 0_ a Место издания Саратов
b Издательство Саратовский гос. технический ун-т
c Дата издания 2004
300 a Объем 16,[1] с.
500 a Примечание На правах рукоп.
504 a Библиография Библиогр.: с.17.
583 a Действие Получение впервые 283 28.06.2004
650 a Основная рубрика Служащие государственные
x Основная подрубрика Социология
650 a Основная рубрика Идентичность профессиональная
653 a Ключевые слова Служащие
a Ключевые слова Государственные служащие
a Ключевые слова Социально-профессиональные группы
a Ключевые слова Социология
a Ключевые слова Профессиональная идентичность
a Ключевые слова Авторефераты
852 t Порядковый номер экземпляра 1
p Инвентарный номер б/н
888 a Бесплатные
930 a Новая/Ретро авторефераты
952 p 283.2004 б/ц 1 б/н
c Вид литературы А/Р н
954 a Дата поступления на обработку 20041022
999 a Подразделение 2 ч.з.